| 000 | 00805nam a22002057a 4500 | ||
|---|---|---|---|
| 005 | 20240517154539.0 | ||
| 010 | _aHIN-127624 | ||
| 020 |
_a9789394928244 _c1000.00 |
||
| 035 | _aHN-99970 | ||
| 037 | _bDBAD | ||
| 082 |
_a158.1 _21 |
||
| 100 |
_aश्रीचंदानी, सुरेश कुमार _966398 |
||
| 245 |
_aउदार बनना/ _cसुरेश कुमार श्रीचंदानी |
||
| 250 | _aप्रथम | ||
| 260 |
_aअजमेर _bपद्म्कान्ता प्रकाशन _c2021 |
||
| 270 |
_a403/16, ठठेरा चौक _bअजमेर _e305001 |
||
| 300 |
_a107पृ. _c22 सेमी.(अजिल्द) |
||
| 650 |
_aहिन्दी _966399 |
||
| 942 |
_2ddc _cHN _h158.1 _mश्रीचंद |
||
| 999 |
_c202979 _d202979 |
||